Julien Baker Songs - Statistics

General Stats
  • This quiz has been taken 78 times
  • The average score is 18 of 26
Answer Stats
Sprained Ankle % Correct
Sprained Ankle
92%
Turn Out the Lights
87%
Appointments
83%
Me & My Dog
83%
Go Home
81%
Bite the Hand
77%
Ketchum, ID
75%
Salt in the Wound
75%
Sour Breath
75%
Souvenir
75%
Stay Down
74%
Blacktop
72%
Even
68%
Something
68%
Claws in Your Back
66%
Everybody Does
66%
Rejoice
66%
Good News
64%
Over
64%
Vessels
64%
Brittle Boned
62%
Shadowboxing
62%
Televangelist
60%
Everything to Help You Sleep
58%
Hurt Less
55%
Happy to Be Here
53%
No matching quizzes found
Score Distribution
Percent of People with Each Score
Percentile by Number Answered
Your Score History
You have not taken this quiz